00381nam a2200121Ia 4500003000400000005001700004008004100021040001800062041000800080100004000088245009500128260003600223OSt20260129142641.0211028s2018 xx 000 0 und d cAIMIT LIBRARY aeng aNishanth B J; Fr Balaraju.g1616127 aStudy of the impact of inventory management on performance at electrical point Mangalore / aMangalorebJustine James.c2018